Państwa graniczące z RŚA - Statystyki

Ogólne statystyki
  • Ten quiz został rozwiązany 169 razy
  • Średni wynik to 6 z 6
Statystyki odpowiedzi
Państwo % Poprawnych
Demokratyczna Republika Konga
99%
Czad
94%
Sudan
94%
Kongo
93%
Sudan Południowy
91%
Kamerun
83%
Nie znaleziono quizów pasujących do podanych kryteriów
Rozkład punktacji
Procent ludzi z każdym wynikiem
Percentyl według liczby udzielonych odpowiedzi
Twoja historia wyników
Nie rozwiązałeś tego quizu